Online Catalogue and eLibrary

Sinhala natya ha sangeethaya (Record no. 5260)

MARC details
000 -LEADER
fixed length control field 00376nam a2200145Ia 4500
005 - DATE AND TIME OF LATEST TRANSACTION
control field 20250703013159.0
008 - FIXED-LENGTH DATA ELEMENTS--GENERAL INFORMATION
fixed length control field 240331s9999 xx 000 0 und d
082 ## - DDC Classification
Item Number - Author Mark GOD
Class No. 754
100 ## - MAIN ENTRY--PERSONAL NAME
Personal name Godakumbura,C.E
245 #0 - TITLE STATEMENT
Title Sinhala natya ha sangeethaya
260 ## - PUBLICATION, DISTRIBUTION, ETC.
Place of publication, distribution, etc. Colombo
Name of publisher, distributor, etc. Archaeological Department
Date of publication, distribution, etc. 1983
300 ## - PHYSICAL DESCRIPTION
Extent (e.g. Volumes, Pages etc.) 49 p .,
500 ## - GENERAL NOTE
General note Sinhalese Dance & Music
942 ## - Koha item type (Biblio)
Koha item type Books in Stacks (Lending)
Holdings
Lost status Damaged status Collection code Home library Current library Shelving location Date acquired Full call number Accession Number Item type
    Lending WERC Library WERC Library Social Science Cupboard 03/31/2024 754.93 GOD 3340 Books in Stacks (Lending)

© WERC Library